000 00438nam a22001457a 4500
082 _a373.19
_bTEA
_cL-29, P-54
100 _aI.A.A.M.S.M.A
_938285
245 _aThe teaching of science in secondary schools/
_cI.A.A.M.S.M.A
250 _a1st ed.
260 _aGreat Britain:
_bWilliam clowes and sons,
_c1947.
300 _axi, 292p.
_bill. ;
_c27cm.
526 _a0
_b0
_c0
_d373_190000000000000_TEA
650 _aMCE
_9379
942 _2ddc
_cBK
999 _c542923
_d542923